Text Book of Production Technology (Record no. 6427)
[ view plain ]
| 000 -LEADER | |
|---|---|
| fixed length control field | 00339nam a2200145Ia 4500 |
| 003 - CONTROL NUMBER IDENTIFIER | |
| control field | OSt |
| 008 - FIXED-LENGTH DATA ELEMENTS--GENERAL INFORMATION | |
| fixed length control field | 191201s2012 xx 000 0 und d |
| 082 ## - DEWEY DECIMAL CLASSIFICATION NUMBER | |
| Classification number | 670 |
| Item number | SHT |
| 100 ## - MAIN ENTRY--PERSONAL NAME | |
| Personal name | SHARMA, P.C. |
| 245 #0 - TITLE STATEMENT | |
| Title | Text Book of Production Technology |
| 260 ## - PUBLICATION, DISTRIBUTION, ETC. (IMPRINT) | |
| Place of publication, distribution, etc | New Delhi |
| Name of publisher, distributor, etc | S chand |
| Date of publication, distribution, etc | 2012 |
| 300 ## - PHYSICAL DESCRIPTION | |
| Extent | 830 |
| 650 ## - SUBJECT ADDED ENTRY--TOPICAL TERM | |
| Topical term or geographic name as entry element | B.Tech(ME) |
| 942 ## - ADDED ENTRY ELEMENTS (KOHA) | |
| Source of classification or shelving scheme | Dewey Decimal Classification |
| Koha item type | Text Books |
| Withdrawn status | Lost status | Source of classification or shelving scheme | Damaged status | Not for loan | Collection code | Home library | Current library | Date acquired | Source of acquisition | Cost, normal purchase price | Bill Number | Total Checkouts | Full call number | Acc. no. / Barcode | Date last seen | Actual Cost, discounted price | Bill Date | Koha item type | Date last borrowed | Checked out |
|---|---|---|---|---|---|---|---|---|---|---|---|---|---|---|---|---|---|---|---|---|
| Dewey Decimal Classification | B.Tech(ME) | PIET C-LIBRARY | PIET C-LIBRARY | 29/05/2015 | PANKAJ BOOK DEPOT PANIPAT | 425.00 | AS390 | 670 SHT | 27170 | 04/12/2019 | 327.25 | 25/05/2015 | Text Books | |||||||
| Dewey Decimal Classification | B.Tech(ME) | PIET C-LIBRARY | PIET C-LIBRARY | 29/05/2015 | PANKAJ BOOK DEPOT PANIPAT | 425.00 | AS390 | 1 | 670 SHT | 27171 | 27/06/2024 | 327.25 | 25/05/2015 | Text Books | 05/06/2024 | |||||
| Dewey Decimal Classification | B.Tech(ME) | PIET C-LIBRARY | PIET C-LIBRARY | 29/05/2015 | PANKAJ BOOK DEPOT PANIPAT | 425.00 | AS390 | 3 | 670 SHT | 27172 | 05/01/2024 | 327.25 | 25/05/2015 | Text Books | 02/01/2024 | |||||
| Dewey Decimal Classification | B.Tech(ME) | PIET C-LIBRARY | PIET C-LIBRARY | 29/05/2015 | PANKAJ BOOK DEPOT PANIPAT | 425.00 | AS390 | 3 | 670 SHT | 27173 | 17/12/2025 | 327.25 | 25/05/2015 | Text Books | 05/12/2025 | |||||
| Dewey Decimal Classification | B.Tech(ME) | PIET C-LIBRARY | PIET C-LIBRARY | 29/05/2015 | PANKAJ BOOK DEPOT PANIPAT | 425.00 | AS390 | 1 | 670 SHT | 27174 | 12/06/2023 | 327.25 | 25/05/2015 | Text Books | 02/06/2023 | |||||
| Dewey Decimal Classification | B.Tech(ME) | PIET C-LIBRARY | PIET C-LIBRARY | 29/05/2015 | PANKAJ BOOK DEPOT PANIPAT | 425.00 | AS390 | 670 SHT | 27175 | 15/02/2021 | 327.25 | 25/05/2015 | Text Books | |||||||
| Dewey Decimal Classification | B.Tech(ME) | PIET C-LIBRARY | PIET C-LIBRARY | 29/05/2015 | PANKAJ BOOK DEPOT PANIPAT | 425.00 | AS390 | 1 | 670 SHT | 27176 | 18/12/2019 | 327.25 | 25/05/2015 | Text Books | 14/12/2019 | |||||
| Dewey Decimal Classification | B.Tech(ME) | PIET C-LIBRARY | PIET C-LIBRARY | 29/05/2015 | PANKAJ BOOK DEPOT PANIPAT | 425.00 | AS390 | 1 | 670 SHT | 27177 | 14/12/2019 | 327.25 | 25/05/2015 | Text Books | 14/12/2019 | 28/12/2019 | ||||
| Dewey Decimal Classification | B.Tech(ME) | PIET C-LIBRARY | PIET C-LIBRARY | 29/05/2015 | PANKAJ BOOK DEPOT PANIPAT | 425.00 | AS390 | 670 SHT | 27178 | 04/12/2019 | 327.25 | 25/05/2015 | Text Books | |||||||
| Dewey Decimal Classification | B.Tech(ME) | PIET C-LIBRARY | PIET C-LIBRARY | 29/05/2015 | PANKAJ BOOK DEPOT PANIPAT | 425.00 | AS390 | 1 | 670 SHT | 27179 | 30/09/2024 | 327.25 | 25/05/2015 | Text Books | 16/09/2024 | |||||
| Dewey Decimal Classification | B.Tech(ME) | PIET C-LIBRARY | PIET C-LIBRARY | 29/05/2015 | PANKAJ BOOK DEPOT PANIPAT | 425.00 | AS390 | 2 | 670 SHT | 27180 | 21/12/2019 | 327.25 | 25/05/2015 | Text Books | 21/12/2019 | |||||
| Dewey Decimal Classification | B.Tech(ME) | PIET C-LIBRARY | PIET C-LIBRARY | 29/05/2015 | PANKAJ BOOK DEPOT PANIPAT | 425.00 | AS390 | 3 | 670 SHT | 27181 | 14/10/2024 | 327.25 | 25/05/2015 | Text Books | 30/09/2024 |